000 00298nam a2200109Ia 4500
008 230907s9999||||xx |||||||||||||| ||und||
082 _a621.3
_bINT
100 _aKrause, Paul C.,
_9115302
245 0 _aIntroduction to electric power and drive systems /
300 _axiii, 234 pages ;
942 _cBK
999 _c600549
_d600549